La gallinita roja y el grano de trigo

Uloženo v:
Podrobná bibliografie
Hlavní autoři: Beuchat Reichardt, Cecilia (Autor), Condemarín Grimberg, Mabel (Autor)
Médium: Kniha
Jazyk:španělština
Vydáno: Santiago Andrés Bello 1990
Vydání:3a. ed
Edice:Colección Estrella de Los Andes
Témata:
Tagy: Přidat tag
Žádné tagy, Buďte první, kdo vytvoří štítek k tomuto záznamu!

MARC

LEADER 00000nam a2200000 a 4500
001 UCQ8200
003 CL-VaPUC
008 981209e19900000CL |||||||||||||||||spa|d
082 0 4 |a 808.068  |b BEA  |2 21 
100 0 |a Beuchat Reichardt, Cecilia  |e author  |9 422029 
700 0 |a Condemarín Grimberg, Mabel  |e author  |9 422030 
245 1 3 |a La gallinita roja y el grano de trigo 
246 1 3 |a El cuervo astuto 
246 1 3 |a El guante amarillo 
246 1 3 |a El elefantito preguntón 
250 |a 3a. ed 
300 |a 60 p 
942 |c BK 
945 |d 19981209 00:00:00  |a cmena 
260 |a Santiago  |b Andrés Bello  |c 1990 
650 0 |a Literatura infantil   |9 307465 
650 0 |a Cuentos infantiles  |9 308044 
583 |a last modification  |c 19981209 00:00:00  |k Rodrigo Vera 
490 0 |a Colección Estrella de Los Andes 
999 |c 277492  |d 277490 
952 |0 0  |1 0  |4 0  |6 808_068000000000000_BEA_1990  |7 0  |8 A  |9 315438  |a BIBEDU  |b BIBEDU  |d 2019-11-20  |i 2745429  |o 808.068 BEA 1990  |p 2745429  |r 2019-11-20  |w 2019-11-20  |y BK  |k EDU